Bibliography of IARI publications, 1905 to 1963; (Record no. 89560)

MARC details
000 -LEADER
fixed length control field 00755cam a22002411 4500
001 - CONTROL NUMBER
control field sa 68020690
003 - CONTROL NUMBER IDENTIFIER
control field DLC
005 - DATE AND TIME OF LATEST TRANSACTION
control field 20260227112726.0
008 - FIXED-LENGTH DATA ELEMENTS--GENERAL INFORMATION
fixed length control field 770419s1965 ii b 000 0 eng
010 ## - LIBRARY OF CONGRESS CONTROL NUMBER
LC control number sa 68020690
025 ## - OVERSEAS ACQUISITION NUMBER
Overseas acquisition number PL 480:I-E-7319
040 ## - CATALOGING SOURCE
Original cataloging agency DLC
Transcribing agency ICU
Modifying agency DLC
043 ## - GEOGRAPHIC AREA CODE
Geographic area code a-ii---
050 00 - LIBRARY OF CONGRESS CALL NUMBER
Classification number Z5075.I4
Item number I47 1965
Classification number S471.I3
110 2# - MAIN ENTRY--CORPORATE NAME
Corporate name or jurisdiction name as entry element Indian Agricultural Research Institute.
245 10 - TITLE STATEMENT
Title Bibliography of IARI publications, 1905 to 1963;
Remainder of title scientific contributions from IARI.
260 ## - PUBLICATION, DISTRIBUTION, ETC.
Place of publication, distribution, etc. New Delhi
Date of publication, distribution, etc. [1965]
300 ## - PHYSICAL DESCRIPTION
Extent 204 p.
Dimensions 28 cm.
350 ## - PRICE (NR) (BK AM CF MU VM SE) [OBSOLETE]
Price unpriced
650 #0 - SUBJECT ADDED ENTRY--TOPICAL TERM
Topical term or geographic name entry element Agriculture
Geographic subdivision India
General subdivision Bibliography.
610 20 - SUBJECT ADDED ENTRY--CORPORATE NAME
Corporate name or jurisdiction name as entry element Indian Agricultural Research Institute, Delhi
General subdivision Bibliography.
650 #0 - SUBJECT ADDED ENTRY--TOPICAL TERM
Topical term or geographic name entry element Agriculture
General subdivision Bibliography.

No items available.

Powered by Koha